<?xml version="1.0" encoding="UTF-8"?>
<collection xmlns="http://www.loc.gov/MARC21/slim">
 <record>
  <leader>01607nam a22002297a 4500</leader>
  <controlfield tag="001">NCT_79282</controlfield>
  <controlfield tag="008">200429b        xxu||||| |||| 00| 0 vie d</controlfield>
  <datafield tag="999" ind1=" " ind2=" ">
   <subfield code="c">3875</subfield>
   <subfield code="d">3875</subfield>
  </datafield>
  <datafield tag="020" ind1=" " ind2=" ">
   <subfield code="a">0781720451</subfield>
  </datafield>
  <datafield tag="082" ind1="0" ind2="4">
   <subfield code="2">23rd ed.</subfield>
   <subfield code="a">617.51</subfield>
   <subfield code="b">W115</subfield>
  </datafield>
  <datafield tag="100" ind1="1" ind2=" ">
   <subfield code="a">Wackym, Phillip A.</subfield>
  </datafield>
  <datafield tag="245" ind1="1" ind2="0">
   <subfield code="a">Minimally invasive surgery of the head, neck, and cranial base</subfield>
   <subfield code="c">Philip A. Wackym, Dale H. Rice, Steven D. Schaefer (Editor)</subfield>
  </datafield>
  <datafield tag="260" ind1=" " ind2=" ">
   <subfield code="a">Philadelphia</subfield>
   <subfield code="b">Lippincott Williams &amp; Wilkins</subfield>
   <subfield code="c">2002</subfield>
  </datafield>
  <datafield tag="300" ind1=" " ind2=" ">
   <subfield code="a">xi, 559 p.</subfield>
   <subfield code="b">ill.</subfield>
   <subfield code="c">28cm</subfield>
  </datafield>
  <datafield tag="504" ind1=" " ind2=" ">
   <subfield code="a">Includes bibliographical references and index</subfield>
  </datafield>
  <datafield tag="520" ind1="3" ind2=" ">
   <subfield code="a">This book describes current endoscopic techniques in all areas of otolaryngology-head and neck surgery. Coverage includes otology, neuro-otology, cranial base surgery, paranasal sinus surgery, head and neck/plastic and reconstructive surgery, laryngology, and broncho-esophagology. The book focuses on detailed methods that will help general otolaryngologists and subspecialists adopt the techniques into practice. The authors discuss the treatment advantages and limitations of each technique. Complementing the text are more than 500 full-color intraoperative endoscopic photographs, as well as grayscale endoscopic photographs, patient positioning photographs, equipment photographs, and drawings.</subfield>
  </datafield>
  <datafield tag="653" ind1=" " ind2=" ">
   <subfield code="a">Y đa khoa</subfield>
  </datafield>
  <datafield tag="700" ind1="1" ind2=" ">
   <subfield code="a">Rice, Dale H. </subfield>
   <subfield code="e">Editor</subfield>
  </datafield>
  <datafield tag="700" ind1="1" ind2=" ">
   <subfield code="a">Schaefer, Steven D. </subfield>
   <subfield code="e">Editor</subfield>
  </datafield>
  <datafield tag="942" ind1=" " ind2=" ">
   <subfield code="2">ddc</subfield>
   <subfield code="c">BK</subfield>
  </datafield>
  <datafield tag="952" ind1=" " ind2=" ">
   <subfield code="0">0</subfield>
   <subfield code="1">0</subfield>
   <subfield code="2">ddc</subfield>
   <subfield code="4">0</subfield>
   <subfield code="6">617_510000000000000_W115</subfield>
   <subfield code="7">0</subfield>
   <subfield code="9">19505</subfield>
   <subfield code="a">000001</subfield>
   <subfield code="b">000001</subfield>
   <subfield code="d">2020-04-29</subfield>
   <subfield code="o">617.51 W115</subfield>
   <subfield code="p">MD.17129</subfield>
   <subfield code="r">2020-04-29</subfield>
   <subfield code="w">2020-04-29</subfield>
   <subfield code="y">BK</subfield>
  </datafield>
  <datafield tag="980" ind1=" " ind2=" ">
   <subfield code="a">Thư viện Trường Đại học Nam Cần Thơ</subfield>
  </datafield>
 </record>
</collection>
